000 00505nam a22001577a 4500
008 151020b xxu||||| |||| 00| 0 eng d
050 _aF592.C3
100 _aCarson, Christopher
_920349
245 _aKit Carson's autobiography
_c/by Christopher Carson
260 _aChicago
_bThe Lakeside Press
_c1935
300 _a192p. ;
_c18cm.
440 _aThe Lakeside classics
_920350
650 _2Frontier and pioneer life - the west
700 _a Quaife, Milo Milton
_920351
_eed.
942 _2lcc
_cMONOGRAPH
999 _c123549
_d123549